Hospodářská soutěž a monopoly: Zabrzdí je stát nebo trh?

Zákon o ochrane hospodárskej súťaže schválilo FZ ČSFR 30.1.1991. Jeho realizáciou je poverený Federálny úrad pre hospodársku súťaž. Narušiteľ hospodárskej súťaže sa snaží obmedziť pôsobenie konkurencie získaním výhodného postavenia na trhu. Spôsoby narušenia konkurencie: kartelové dohody a fúzie. Tr...

Descripción completa

Guardado en:
Detalles Bibliográficos
Autor principal: Ferenc, J.
Formato: Capítulo de libro
Lenguaje:checo
Materias:
Etiquetas: Agregar Etiqueta
Sin Etiquetas, Sea el primero en etiquetar este registro!

MARC

LEADER 00000naa a2200000 4500
001 r004080
005 20221125081411.9
041 0 |a cze 
044 |a [CS] 
245 1 0 |a Hospodářská soutěž a monopoly: Zabrzdí je stát nebo trh?  |c J. Ferenc 
520 |a Zákon o ochrane hospodárskej súťaže schválilo FZ ČSFR 30.1.1991. Jeho realizáciou je poverený Federálny úrad pre hospodársku súťaž. Narušiteľ hospodárskej súťaže sa snaží obmedziť pôsobenie konkurencie získaním výhodného postavenia na trhu. Spôsoby narušenia konkurencie: kartelové dohody a fúzie. Tretím spôsobom je nekalá súťaž. Prípady platnosti zákona v oblasti orgánov štátnej správy. 
610 2 0 |a ČSFR 
610 2 0 |a zákony 
610 2 0 |a konkurencia 
610 2 0 |a súťaž nekalá 
610 2 0 |a správa štátna 
610 2 0 |a monopoly 
610 2 0 |a 1991 
100 1 |a Ferenc, J.